000 01434cam a2200397Ka 4500
001 59180
005 20230410143125.0
008 970411r19891980sp bd 000 0 spa d
035 _a(OCoLC)ocm36722015
040 _aFIL
_bfre
_cFIL
_dPL#
_dRBN
020 _a8400046528
020 _a9788400046521
035 _a(OCoLC)36722015
041 0 _agrcspa
092 _a483
_fDIC
050 1 4 _abD545 1989
049 _aGRAL
245 0 0 _aDiccionario griego-español.
_nVol. I,
_pA-Allá /
_credactado bajo la dirección de Francisco R. Adrados por Elvira Gangutia-- [et al.].
246 1 8 _aDGE
260 _aMadrid :
_bConsejo Superior de Investigaciones Científicas, Instituto de filología ,
_c1989.
300 _acxl, [266] p. ;
_c28 cm.
500 _aTitre du dos : DGE.
500 _aPrimera reimpresion, hecha sobre la 1a edición de A. G. Grijelmo, de 1980.
504 _aNotes bibliogr.
546 _aGrec et espagnol.
505 1 _at. 1. A - alla -- t. 2. Alla - apokoinåonåetos.
650 7 _aGrec (langue)
_xDictionnaires espagnols.
_2ram
653 _aGriego
_aDiccionarios políglotas
_aEspañol.
653 _aEspañol
_aDiccionarios políglotas
_aGriego.
700 1 _aAdrados, F. R.
_q(Francisco Rodríguez),
_d1922-,
_edir.
700 1 _aGangutia Elícegui, Elvira,
_d1937-,
_eréd.
938 _aPuvill Libros
_bPUVL
_n8400046528
_c$30.24
942 _2lcc
_cbk
946 _amjcruz
994 _aC0
_bDRFGD
999 _c96162
_d96162